000 00574nam a2200217Ia 4500
003 OSt
005 20220928135545.0
006 a|||||r|||| 00| 0
007 ta
008 220927b |||||||| |||| 00| 0 eng d
024 _a3069
037 _cTextual
040 _aSDCL
_cSDCL
_beng
041 _2eng
_aeng
082 _aO-,1L72:g, L01
100 _aPrinckett Stephen
_9491462
245 0 _aColeridge and Wordsworth
_b The poetry of growth
260 _c1970
942 _hO-,1L72:g, L01
_cTEXL
_2CC
999 _c806863
_d806863